Émission d'Enfance au Québec par Images - 4 - Statistiques

Statistiques générales
  • Ce quiz a été pris 38 fois
  • Le résultat moyen est 5 sur 15
Statistiques - réponses
Par images Réponse % Correct
Dora l'Exploratrice
94%
Ninjago
53%
Samsam
50%
1,2,3... géant!
47%
Calimero
44%
Peter Pan
38%
Le Petit Prince
28%
Martine
28%
T'es Où Théo
28%
Les Blagues de Toto
22%
Les Frères Kratts
19%
Chuggington
16%
Vic le Viking
13%
Léon (t)erreur de la savane
6%
Le Rock des Blocs
3%
Aucun quiz correspondant
Distribution des résultats
% des personnes avec chaque résultat
Percentile par nombre de réponses
Votre historique - résultats
Vous n’avez pas pris ce quiz